|
|
|
|
| LEADER |
00750nam a22002172a 4500 |
| 001 |
001340572 |
| 003 |
CZ BrMZK |
| 005 |
20131030104247.0 |
| 007 |
ta |
| 008 |
131030s1965 gw er|||||||||||ger d |
| 040 |
|
|
|a BOA001
|b cze
|
| 100 |
1 |
|
|a Wolf, Gerhard Dieter
|4 dis
|
| 245 |
1 |
0 |
|a Untersuchungen zur Biosynthese des Lecithins :
|b Synthese von markiertem α'-3-H Palmitoyl-L-α-glycerophosphat (Lysophosphatidsäure) /
|c Gerhard Dieter Wolf
|
| 260 |
|
|
|a Köln :
|b G.D. Wolf,
|c 1965
|
| 300 |
|
|
|a 67 s.
|
| 502 |
|
|
|a Disertace--Universität zu Köln, 1965
|
| 710 |
2 |
|
|a Universität zu Köln
|7 kn20020322445
|
| 910 |
|
|
|a BOA001
|b 2-0552.409
|
| 990 |
|
|
|a BK
|
| 991 |
|
|
|b 201310
|
| 996 |
7 |
|
|b 2619031839
|c 2-0552.409
|l HP2
|r DEN
|n 0
|w 001375422
|u 000010
|a 1
|e BOA001
|j MZK50
|s A
|